| 000 | 00489nam a2200169Ia 4500 | ||
|---|---|---|---|
| 008 | 230917s9999||||xx |||||||||||||| ||und|| | ||
| 020 | _cRS320 | ||
| 040 |
_e236428 _aMAIN |
||
| 041 | _aEnglish | ||
| 082 | _a621.46076 M426E | ||
| 100 | _aMathur, Ankur | ||
| 245 | 0 | _aElectrical machines: An objective and viva voce approach | |
| 260 |
_aNew Delhi _bCBS Publishers _c2016 |
||
| 300 | _av, 392 p. | ||
| 500 | _a2490 14/12/2016 HBD17/6746 23/12/2016 Main Budget Periodicals | ||
| 942 | _cBK | ||
| 999 |
_c20118 _d20118 |
||